Relators and linkers: the syntx of predication, predicate inversion, and copulas

Gespeichert in:
Bibliographische Detailangaben
1. Verfasser: Dikken, Marcel den (VerfasserIn)
Format: Buch
Sprache:Englisch
Veröffentlicht: Cambridge MIT 2006
Schriftenreihe:Linguistic Inquiry Monographs, 47
Schlagworte:
Tags: Tag hinzufügen
Keine Tags, Fügen Sie den ersten Tag hinzu!

MARC

LEADER 00000nam a2200000 a 4500
001 UCJ0400
003 CL-VaPUC
008 060804e20060000US |||||||||||||||||eng|d
020 |a 0262042312 
082 0 4 |a 415  |b DIK  |2 21 
100 0 |a Dikken, Marcel den  |e author  |9 500578 
245 1 0 |a Relators and linkers: the syntx of predication, predicate inversion, and copulas 
300 |a 351 p 
942 |c BK 
945 |d 20060804 00:00:00  |a cmena 
260 |a Cambridge  |b MIT  |c 2006 
650 0 |a Gramática  |9 270497 
650 0 |a Educación lingüística  |9 306506 
650 0 |a Sintaxis  |9 318843 
583 |a last modification  |c 20130305 04:41:54  |k Rodrigo Vera 
490 0 |a Linguistic Inquiry Monographs, 47 
999 |c 317256  |d 317254 
952 |0 0  |1 0  |4 0  |6 415_000000000000000_DIK_2006  |7 0  |8 A  |9 393309  |a FDOPOS  |b FDOPOS  |d 2019-11-22  |i 4259173  |o 415 DIK 2006  |p 4259173  |r 2025-01-22  |w 2019-11-22  |y BK  |k MLA